The Greatest Fraction Quiz - Statistics

General Stats
  • This quiz has been taken 98 times
  • The average score is 9 of 15
Answer Stats
Question Answer % Correct
Choose the greater fraction. 7 / 8
85%
Choose the greater fraction. 1 / 2
78%
Choose the greater fraction. 9 / 10
78%
Choose the greater fraction. 3 / 5
77%
Choose the greater fraction. 3 / 4
75%
Choose the greater fraction. 11 / 12
74%
Choose the greater fraction. 9 / 11
74%
Choose the greater fraction. 5 / 6
70%
Choose the greater fraction. 8 / 9
70%
Choose the greater fraction. 17 / 20
69%
Choose the greater fraction. 6 / 7
69%
Choose the greater fraction. 5 / 8
67%
Choose the greater fraction. 7 / 8
67%
Choose the greater fraction. 17 / 19
66%
Choose the greater fraction. 7 / 8
66%
Choose the greater fraction. 8 / 11
66%
Choose the greater fraction. 5 / 6
65%
Choose the greater fraction. 7 / 11
65%
Choose the greater fraction. 7 / 13
65%
Choose the greater fraction. 2 / 9
63%
Choose the greater fraction. 7 / 12
63%
Choose the greater fraction. 2 / 10
62%
Choose the greater fraction. 17 / 19
61%
Choose the greater fraction. 19 / 20
61%
Choose the greater fraction. 7 / 9
60%
Choose the greater fraction. 4 / 7
59%
Choose the greater fraction. 13 / 15
58%
Choose the greater fraction. 6 / 16
58%
Choose the greater fraction. 13 / 19
54%
Choose the greater fraction. 7 / 10
54%
Choose the greater fraction. 10 / 13
52%
Choose the greater fraction. 13 / 16
52%
Choose the greater fraction. 2 / 10
52%
Choose the greater fraction. 2 / 7
52%
Choose the greater fraction. 7 / 8
50%
Choose the greater fraction. 9 / 11
50%
Choose the greater fraction. 11 / 14
46%
Choose the greater fraction. 8 / 18
43%
Choose the greater fraction. 9 / 14
38%
Choose the greater fraction. 3 / 32
21%
No matching quizzes found
Score Distribution
Percent of People with Each Score
Percentile by Number Answered
Your Score History
You have not taken this quiz